<?xml version="1.0" encoding="UTF-8"?>
<record
    xmlns:xsi="http://www.w3.org/2001/XMLSchema-instance"
    xsi:schemaLocation="http://www.loc.gov/MARC21/slim http://www.loc.gov/standards/marcxml/schema/MARC21slim.xsd"
    xmlns="http://www.loc.gov/MARC21/slim">

  <leader>01447nam a2200361 a 4500</leader>
  <controlfield tag="001">38540</controlfield>
  <controlfield tag="003">CO-BoRNBP</controlfield>
  <controlfield tag="005">20250801162558.0</controlfield>
  <controlfield tag="007">ta</controlfield>
  <controlfield tag="008">150521s2014    ck o   gr     00010 spa d</controlfield>
  <datafield tag="020" ind1=" " ind2=" ">
    <subfield code="a">9789585841314</subfield>
  </datafield>
  <datafield tag="040" ind1=" " ind2=" ">
    <subfield code="a">CO-BoBLA </subfield>
    <subfield code="b">spa </subfield>
    <subfield code="c">CO-BoBLA</subfield>
  </datafield>
  <datafield tag="043" ind1=" " ind2=" ">
    <subfield code="a">s-ck---</subfield>
  </datafield>
  <datafield tag="082" ind1="0" ind2="4">
    <subfield code="a">918.156 </subfield>
    <subfield code="b">M37 </subfield>
  </datafield>
  <datafield tag="240" ind1="1" ind2="0">
    <subfield code="a">Meta-Bibliograf&#xED;a regional</subfield>
  </datafield>
  <datafield tag="245" ind1="0" ind2="3">
    <subfield code="a">El Meta: los llanos son vida : despu&#xE9;s de esta tierra existe un lugar llamado para&#xED;so / </subfield>
    <subfield code="c">textos Jaime Fern&#xE1;ndez Molano, Henry Benjumea Yepes ; fotograf&#xED;as Andr&#xE9;s Hurtado Garc&#xED;a ; coordinaci&#xF3;n Orlando Pe&#xF1;a Rodr&#xED;guez.</subfield>
  </datafield>
  <datafield tag="250" ind1=" " ind2=" ">
    <subfield code="a">1a. edici&#xF3;n</subfield>
  </datafield>
  <datafield tag="300" ind1=" " ind2=" ">
    <subfield code="a">131 p&#xE1;ginas : </subfield>
    <subfield code="b">fotograf&#xED;as ; </subfield>
    <subfield code="c">22 cm.</subfield>
  </datafield>
  <datafield tag="336" ind1=" " ind2=" ">
    <subfield code="2">rdacontent</subfield>
    <subfield code="a">texto</subfield>
    <subfield code="b">txt</subfield>
  </datafield>
  <datafield tag="337" ind1=" " ind2=" ">
    <subfield code="2">rdamedia</subfield>
    <subfield code="a">sin mediaci&#xF3;n</subfield>
    <subfield code="b">n</subfield>
  </datafield>
  <datafield tag="338" ind1=" " ind2=" ">
    <subfield code="2">rdacarrier</subfield>
    <subfield code="a">volumen</subfield>
    <subfield code="b">nc</subfield>
  </datafield>
  <datafield tag="650" ind1=" " ind2="7">
    <subfield code="a">Recursos naturales</subfield>
    <subfield code="z"> Meta (Colombia)</subfield>
    <subfield code="v"> Fotograf&#xED;as.</subfield>
    <subfield code="2">BLAAUTO</subfield>
    <subfield code="9">43705</subfield>
  </datafield>
  <datafield tag="650" ind1=" " ind2="7">
    <subfield code="a">Paisajes</subfield>
    <subfield code="z"> Meta (Colombia)</subfield>
    <subfield code="v"> Fotograf&#xED;as.</subfield>
    <subfield code="2">BLAAUTO</subfield>
    <subfield code="9">43706</subfield>
  </datafield>
  <datafield tag="650" ind1=" " ind2="7">
    <subfield code="a">Festividades</subfield>
    <subfield code="z"> Meta (Colombia)</subfield>
    <subfield code="v"> Fotograf&#xED;as.</subfield>
    <subfield code="2">BLAAUTO</subfield>
    <subfield code="9">43707</subfield>
  </datafield>
  <datafield tag="651" ind1=" " ind2="7">
    <subfield code="a">Meta (Colombia)</subfield>
    <subfield code="x"> Descripci&#xF3;n</subfield>
    <subfield code="v"> Fotograf&#xED;as.</subfield>
    <subfield code="9">43708</subfield>
  </datafield>
  <datafield tag="700" ind1="1" ind2=" ">
    <subfield code="a">Fern&#xE1;ndez Molano, Jaime, </subfield>
    <subfield code="d">1960-</subfield>
    <subfield code="9">43709</subfield>
  </datafield>
  <datafield tag="700" ind1="1" ind2=" ">
    <subfield code="a">Benjumea Yepes, Henry, </subfield>
    <subfield code="d">1957-</subfield>
    <subfield code="9">41432</subfield>
  </datafield>
  <datafield tag="700" ind1="1" ind2=" ">
    <subfield code="a">Hurtado Garc&#xED;a, Andr&#xE9;s, </subfield>
    <subfield code="d">1941-</subfield>
    <subfield code="e">fot&#xF3;grafo.</subfield>
    <subfield code="9">43710</subfield>
  </datafield>
  <datafield tag="700" ind1="1" ind2=" ">
    <subfield code="a">Pe&#xF1;a Rodr&#xED;guez, Orlando,</subfield>
    <subfield code="d">1971-</subfield>
    <subfield code="e">coordinador.</subfield>
    <subfield code="9">43711</subfield>
  </datafield>
  <datafield tag="942" ind1=" " ind2=" ">
    <subfield code="2">ddc</subfield>
    <subfield code="c">BK</subfield>
  </datafield>
  <datafield tag="949" ind1=" " ind2=" ">
    <subfield code="a">c      </subfield>
    <subfield code="b">n</subfield>
  </datafield>
  <datafield tag="999" ind1=" " ind2=" ">
    <subfield code="c">38540</subfield>
    <subfield code="d">38540</subfield>
  </datafield>
  <datafield tag="952" ind1=" " ind2=" ">
    <subfield code="0">0</subfield>
    <subfield code="1">0</subfield>
    <subfield code="2">ddc</subfield>
    <subfield code="4">0</subfield>
    <subfield code="7">0</subfield>
    <subfield code="8">GEN</subfield>
    <subfield code="a">MEGUAMAL</subfield>
    <subfield code="b">MEGUAMAL</subfield>
    <subfield code="c">LIT</subfield>
    <subfield code="d">2024-11-13</subfield>
    <subfield code="e">Literatura Regional</subfield>
    <subfield code="l">0</subfield>
    <subfield code="o">918.156 M37</subfield>
    <subfield code="p">GUA004479</subfield>
    <subfield code="r">2024-11-13 11:10:02</subfield>
    <subfield code="t">Ej.1</subfield>
    <subfield code="w">2024-11-13</subfield>
    <subfield code="y">BK</subfield>
  </datafield>
  <datafield tag="952" ind1=" " ind2=" ">
    <subfield code="0">0</subfield>
    <subfield code="1">0</subfield>
    <subfield code="4">0</subfield>
    <subfield code="7">0</subfield>
    <subfield code="8">FPatriMeta</subfield>
    <subfield code="a">MEVIGERR</subfield>
    <subfield code="b">MEVIGERR</subfield>
    <subfield code="c">LOCAL</subfield>
    <subfield code="d">2022-01-08</subfield>
    <subfield code="o">918.156 M27</subfield>
    <subfield code="p">ECA28086</subfield>
    <subfield code="r">2024-11-26 09:50:43</subfield>
    <subfield code="t">Ej.1</subfield>
    <subfield code="w">2024-11-26</subfield>
    <subfield code="y">BK</subfield>
    <subfield code="z">21222 | 27051</subfield>
  </datafield>
</record>
